Načítá se...
Dostoyevsky
| Hlavní autor: | |
|---|---|
| Médium: | Printed Book |
| Jazyk: | English |
| Vydáno: |
Kozhikode
Mathrubhumi
2008
|
| Témata: |
| LEADER | 00492nam a22001577a 4500 | ||
|---|---|---|---|
| 008 | 140714b xxu||||| |||| 00| 0 eng d | ||
| 020 | |a 9788182645936 | ||
| 082 | |a 928 G N P/D | ||
| 100 | |a G N Panicker | ||
| 245 | |a Dostoyevsky | ||
| 260 | |a Kozhikode |b Mathrubhumi |c 2008 | ||
| 300 | |a 235p | ||
| 650 | |a Biography | ||
| 942 | |c BK | ||
| 999 | |c 259190 |d 259190 | ||
| 952 | |0 0 |1 0 |4 0 |6 891_730920000000000_G_N_P_D |7 0 |9 288591 |a RUS |b RUS |c ST1 |d 2014-07-14 |i 8149 |l 0 |o 891.73092 G N P/D |p RUS8149 |r 2014-07-14 |w 2018-08-23 |y BK | ||